Loading...
History - World History | 1 | 6 | 1 | 0 | 70 | 51 | 82.29 | 6 | 7 |
History - Other History | 1 | 5 | 0 | 2 | 65 | 55 | 94.83 | 3 | 6 |
Literature - World Literature | 2 | 3 | 0 | 0 | 60 | 62 | 81.80 | 4 | 5 |
History - American History | 0 | 6 | 1 | 0 | 55 | 73 | 96.67 | 2 | 6 |
Literature - European Literature | 2 | 3 | 1 | 0 | 55 | 76 | 95.60 | 5 | 5 |
Literature - American Literature | 1 | 4 | 0 | 0 | 55 | 44 | 102.20 | 1 | 5 |
History - European History | 2 | 2 | 0 | 0 | 50 | 54 | 84.00 | 1 | 4 |
Religion | 0 | 4 | 0 | 1 | 40 | 88 | 118.50 | 2 | 4 |
Literature - British Literature | 1 | 3 | 2 | 0 | 35 | 31 | 89.00 | 2 | 4 |
Fine Arts - Other Fine Arts | 0 | 3 | 0 | 0 | 30 | 98 | 114.67 | 0 | 3 |
Fine Arts - Visual Fine Arts | 0 | 3 | 1 | 1 | 25 | 89 | 115.67 | 1 | 3 |
Mythology | 0 | 2 | 0 | 0 | 20 | 95 | 95.00 | 2 | 2 |
Science - Physics | 0 | 2 | 1 | 0 | 15 | 95 | 96.50 | 0 | 2 |
Science - Other Science | 1 | 0 | 0 | 0 | 15 | 49 | 49.00 | 1 | 1 |
Social Science | 0 | 1 | 0 | 1 | 10 | 119 | 119.00 | 0 | 1 |
Other Academic | 0 | 1 | 0 | 0 | 10 | 94 | 94.00 | 1 | 1 |
Pop Culture | 0 | 1 | 0 | 0 | 10 | 92 | 92.00 | 0 | 1 |
Auditory Fine Arts (1900-1970) | 0 | 0 | 1 | 0 | -5 | 0.00 | 0 | 0 |